000 00931cam a2200313 4500
008 090401t1993 xxu||||| |||| 00| 0 eng d
020 _a0854066136
035 _a(Sirsi) u58999
041 _aeng
050 _a346.4104343
_c18
090 _aRICS 1993/83ABCD
100 _aCullen, Ian
245 _aLease structure changes 1992
260 _aLondon
_bRICS
_c1993
300 _a(16)p.
_c30cm.
350 _a5.25
490 _aRICS Research Paper Series
_v(32)
520 _aReport prepared by the Investment Property Databank for the RICS.
650 _aBUSINESS TENANCIES
650 _aCOMMERCIAL LEASES
650 _aINVESTMENT PROPERTIES
650 _aPROPERTY INVESTMENT
690 _aLANDLORD AND TENANT-BUSINESS TENANCIES
700 _aMcMillian, David
710 _aRoyal Institution of Chartered Surveyors
_94900
710 _aInvestment Property Databank
_92288
942 _n0
948 _c04/03/1997
999 _c94122
_d94122